[Event "AUTO-ADV-4918"]
[Site "http://www.queenalice.com/game.php?id=1869153"]
[Date "2026.2.12"]
[Round "1"]
[White "maurice916"]
[Black "game"]
[Result "1-0"]
[WhiteElo "1859"]
[BlackElo "1703"]

1. Nf3 c5 2. b3 d6 3. Bb2 Nf6 4. e3 e5 5. d4 Bg4 6. dxc5 e4 7. h3 Bh5 8. g4 Bg6
9. Nh4 Qa5+ 10. Nc3 Qxc5 11. Nxg6 hxg6 12. Bg2 Nc6 13. g5 Qxg5 14. Kf1 Nh5 15.
Bxe4 Ne5 16. Rg1 Qh6 17. Ne2 Nf6 18. Bxb7 Rb8 19. Bg2 Rd8 20. c4 d5 21. cxd5 Bd6
22. e4 Qh4 23. Bc1 Nxe4 24. Bxe4 Qxe4 25. Ng3 Qh4 26. Rh1 f5 27. Bb2 f4 28. Ne4
f3 29. Nxd6+ Rxd6 30. Bxe5 Rd7 31. Bg3 Qh5 32. Qe1+ Kd8 33. Rd1 Re8 34. Qa5+ Ke7
35. Re1+ Kf7 36. Rxe8 Kxe8 37. Qb5 Qf5 38. Kg1 Qb1+ 39. Kh2 Qxa2 40. Re1+ Kd8
41. Qb8# 1-0

[Event "AUTO-ADV-4918"]
[Site "http://www.queenalice.com/game.php?id=1869154"]
[Date "2026.2.12"]
[Round "1"]
[White "game"]
[Black "maurice916"]
[Result "0-1"]
[WhiteElo "1634"]
[BlackElo "1849"]

1. e4 c6 2. Nf3 d5 3. d3 dxe4 4. Ng5 exd3 5. Qf3 Nf6 6. Bxd3 Bg4 7. Qf4 e6 8.
O-O Bd6 9. Qe3 O-O 10. Nc3 h6 11. Nge4 Nxe4 12. Qxe4 Bf5 13. Qc4 Bxd3 14. Qxd3
Na6 15. Ne4 Bc7 16. Qb3 Bb6 17. Be3 Bxe3 18. fxe3 Rb8 19. Rf3 Nc7 20. Qc3 Nd5
21. Qd4 Qc7 22. Rg3 e5 23. Qxa7 f5 24. Nc5 Rfe8 25. Qa4 f4 26. exf4 exf4 27. Rg4
Qb6 28. Qd4 Re7 29. Kf1 Ne3+ 30. Kg1 Nxg4 31. Qc4+ Kh8 32. Kh1 Rbe8 33. g3 Re1+
34. Rxe1 Rxe1+ 35. Kg2 Ne3+ 36. Kf2 Nxc4 37. Kxe1 Qxc5 38. gxf4 Qg1+ 0-1

[Event "AUTO-OPEN-4627"]
[Site "http://www.queenalice.com/game.php?id=1869471"]
[Date "2026.2.18"]
[Round "2"]
[White "maurice916"]
[Black "chessman"]
[Result "0-1"]
[WhiteElo "1881"]
[BlackElo "2028"]

1. Nf3 d5 2. b3 c6 3. Bb2 Nf6 4. e3 e6 5. c4 Be7 6. Be2 O-O 7. O-O a6 8. d4 Nbd7
9. Nc3 Re8 10. Rc1 Nf8 11. Bd3 Bd6 12. c5 Bc7 13. b4 Ng6 14. a4 e5 15. dxe5 Nxe5
16. Nxe5 Bxe5 17. Bb1 Qe7 18. Qc2 h6 19. Rfe1 Bd7 20. f4 Bc7 21. Na2 Ne4 22. Bd4
Bf5 23. Qe2 Qe6 24. Bxe4 Qxe4 25. Nc3 Qd3 26. Qxd3 Bxd3 27. Red1 Be4 28. Ne2 Re7
29. Ng3 f5 30. Nxe4 Rxe4 31. Kf2 Rae8 32. Re1 Bxf4 33. g3 Be5 34. Bxe5 R8xe5 35.
Rb1 Kf7 36. Kf3 d4 37. Re2 g5 38. Rb3 Rxe3+ 39. Rexe3 Rxe3+ 40. Rxe3 dxe3 41.
Kxe3 Ke6 42. Kd4 Kf6 43. h3 h5 44. a5 Ke6 45. h4 gxh4 46. gxh4 Kf6 0-1

[Event "AUTO-OPEN-4627"]
[Site "http://www.queenalice.com/game.php?id=1869472"]
[Date "2026.2.18"]
[Round "2"]
[White "chessman"]
[Black "maurice916"]
[Result "0-1"]
[WhiteElo "2024"]
[BlackElo "1838"]

1. e4 c6 2. d4 d5 3. Nc3 dxe4 4. Nxe4 Nf6 5. Nxf6+ exf6 6. Bc4 Bd6 7. Nf3 Bg4 8.
O-O O-O 9. c3 Nd7 10. Qd3 Re8 11. a3 Nf8 12. h3 Bh5 13. Bd2 Qd7 14. Rfe1 Bc7 15.
Rxe8 Rxe8 16. Re1 Rxe1+ 17. Bxe1 Ne6 18. Nh4 Nc5 19. Qe3 Ne6 20. g4 Bg6 21. Nxg6
hxg6 22. Bxe6 fxe6 23. f3 f5 24. Bd2 Kf7 25. f4 Qd6 26. Kg2 g5 27. gxf5 exf5 28.
Qe5 gxf4 29. Bxf4 Qxe5 30. dxe5 Ke6 31. Kf3 Bxe5 32. Be3 a6 33. c4 Bxb2 0-1

[Event "AUTO-ADV-4921"]
[Site "http://www.queenalice.com/game.php?id=1869820"]
[Date "2026.2.26"]
[Round "1"]
[White "Capixabba789"]
[Black "maurice916"]
[Result "0-1"]
[WhiteElo "1843"]
[BlackElo "1787"]

1. d4 d6 2. e4 e5 3. Bc4 exd4 4. c3 dxc3 5. Nf3 cxb2 6. Bxb2 f6 7. O-O Nh6 8.
Qd5 c6 9. Qd1 Nf7 10. Nbd2 Be7 11. Bxf7+ Kxf7 12. Nc4 Be6 13. Ne3 Re8 14. Qd4 c5
15. Ng5+ Kg6 16. Nxe6 cxd4 17. Nxd8 Rxd8 18. Bxd4 Nc6 19. Bb2 h6 20. f4 Kf7 21.
Nf5 Bf8 22. g4 g6 23. Nh4 Ne7 24. f5 g5 25. Nf3 Nc6 26. Rad1 Ne5 27. h3 Rac8 28.
Nd4 Nc4 29. Bc1 Ne5 30. Ne6 Rd7 31. Rd5 Be7 32. Be3 b6 33. Rfd1 Rc3 34. Bc1 Rxh3
35. Kg2 Rc3 36. Bb2 Rc2+ 37. R1d2 Rxd2+ 38. Rxd2 Nxg4 39. Kg3 Ne5 40. Bxe5 fxe5
41. Kg4 Bf6 42. Rc2 d5 43. exd5 Rxd5 44. Rc7+ Be7 45. Rxa7 b5 46. Nc7 Rd4+ 47.
Kf3 Rf4+ 48. Kg2 Rf2+ 49. Kxf2 Bc5+ 50. Kf3 Bxa7 51. Nxb5 Bb8 52. a4 Kf6 53. a5
Kxf5 54. a6 e4+ 55. Ke3 Bf4+ 56. Ke2 Bb8 57. Nd6+ Kf4 58. Ne8 h5 59. Nc7 h4 60.
Nd5+ Ke5 61. Ne7 Kd6 62. Nf5+ Ke5 63. Ne3 Ba7 64. Nc4+ Kd4 65. Na5 Bb6 66. Nc6+
Kc5 67. Na5 Kb5 0-1

[Event "AUTO-ADV-4921"]
[Site "http://www.queenalice.com/game.php?id=1869821"]
[Date "2026.2.26"]
[Round "1"]
[White "maurice916"]
[Black "Capixabba789"]
[Result "0-1"]
[WhiteElo "1864"]
[BlackElo "1817"]

1. Nf3 d5 2. b3 Nc6 3. Bb2 Nf6 4. e3 e6 5. Bb5 Bd7 6. O-O Bd6 7. d4 O-O 8. c4 a6
9. Bxc6 Bxc6 10. Nbd2 Ne4 11. c5 Be7 12. a4 f5 13. Ne5 Be8 14. f4 c6 15. Nxe4
fxe4 16. b4 Bf6 17. Qg4 Qc8 18. h4 Bxe5 19. dxe5 Bf7 20. Kf2 Qe8 21. Ke2 Bh5 22.
Qxh5 Qxh5+ 23. Kd2 Qxh4 24. Rh1 Qf2+ 0-1

[Event "AUTO-OPEN-4641"]
[Site "http://www.queenalice.com/game.php?id=1869936"]
[Date "2026.2.27"]
[Round "1"]
[White "maurice916"]
[Black "zubarev"]
[Result "0-1"]
[WhiteElo "1820"]
[BlackElo "1754"]

1. Nf3 Nf6 2. b3 g6 3. Bb2 Bg7 4. e4 d6 5. d4 O-O 6. Nbd2 Bg4 7. Be2 Nbd7 8. O-O
e6 9. h3 Bxf3 10. Bxf3 Re8 11. Re1 c6 12. Rb1 h6 13. c4 d5 14. e5 Nh7 15. Nf1 f6
16. cxd5 f5 17. dxc6 bxc6 18. Bxc6 Rc8 19. d5 Kh8 20. Bxd7 Qxd7 21. dxe6 Qxe6
22. Ng3 Ng5 23. f4 Nf7 24. Qf3 Rc2 25. Qd3 Rec8 26. Nf1 Qc6 27. Re2 Rc5 28. Bd4
Ra5 29. Ne3 Nd8 30. Nc4 Qa6 31. Qe3 Rxa2 32. Rxa2 Qxa2 33. Rb2 Qa6 34. Kh2 Nc6
35. Bc3 Rd8 36. Nd6 Kh7 37. Qf2 Qd3 38. Rc2 Ne7 39. Ba5 Rd7 40. Rc3 Qd5 41. b4
Nc6 42. Rc2 Nxa5 43. bxa5 Qxa5 44. g3 Bf8 45. Ra2 Qb6 46. Qxb6 axb6 47. Rd2 Bxd6
48. exd6 Kg7 49. g4 Kf7 50. Kg3 Ke6 51. Kf3 Rxd6 52. Rxd6+ Kxd6 53. Ke3 Kd5 54.
Kd3 b5 55. gxf5 gxf5 56. h4 b4 57. h5 b3 58. Kc3 Ke4 59. Kxb3 Kxf4 0-1

[Event "Challenge"]
[Site "http://www.queenalice.com/game.php?id=1870046"]
[Date "2026.3.3"]
[Round "-"]
[White "marcomasa"]
[Black "maurice916"]
[Result "0-1"]
[WhiteElo "2108"]
[BlackElo "1818"]

1. e4 c6 2. Bc4 d5 3. exd5 cxd5 4. Bb3 Nf6 5. d4 Bg4 6. Nf3 e6 7. h3 Bh5 8. g4
Bg6 9. Bf4 h6 10. Nc3 a6 11. Qe2 Nc6 12. a3 Be7 13. Bg3 Rc8 14. Bf4 b5 15. Be5
Nxe5 16. Nxe5 Bh7 17. O-O O-O 18. f3 Qb6 19. Qe3 a5 20. f4 b4 21. Na4 Qb5 22. g5
hxg5 23. fxg5 Ne4 24. Kh1 bxa3 25. bxa3 Bf5 26. h4 Bd6 27. h5 Bxe5 28. dxe5 Qb8
29. Qf4 Qb7 30. g6 fxg6 31. hxg6 Bh3 32. Qh4 Rxf1+ 33. Rxf1 Ng5 34. Rf2 d4+ 35.
Kh2 Qe7 36. Rf3 Nxf3+ 37. Kxh3 Qxh4+ 38. Kg2 Nxe5 39. Bxe6+ Kh8 40. Bxc8 Nxg6
41. Bb7 d3 42. cxd3 Qxa4 0-1